|
|
|
|
| LEADER |
00000nas a2200000 i 4500 |
| 001 |
ssj0001076632 |
| 003 |
WaSeSS |
| 005 |
20200512172242.0 |
| 006 |
m d |
| 007 |
cr n |
| 008 |
131221c20uu9999rm q| p|s|||||| |0eng d |
| 035 |
|
|
|a (WaSeSS)ssj0001076632
|
| 040 |
|
|
|a WaSeSS
|b eng
|c WaSeSS
|d WaSeSS
|
| 050 |
1 |
4 |
|a RC1200
|
| 245 |
0 |
0 |
|a Medicina sportiva
|h [electronic resource] :
|b journal of Romanian sports medicine society.
|
| 260 |
|
|
|a Bucharest, Romania :
|b Romanian Society of Sports Medicine
|
| 310 |
|
|
|a Quarterly
|
| 506 |
|
|
|a License restrictions may limit access.
|
| 588 |
|
|
|a Description based on: Volume VIII, Number 2 (2012); title from article pdf (ProQuest, viewed Dec. 21, 2013).
|
| 588 |
|
|
|a Latest issue consulted: Volume IX, Number 3 (viewed Dec. 21, 2013).
|
| 650 |
|
0 |
|a Sports medicine
|v Periodicals.
|
| 655 |
|
0 |
|a Electronic journals.
|
| 776 |
0 |
8 |
|i Print version:
|t Medicina sportiva : journal of Romanian sports medicine society
|x 1841-0162
|
| 856 |
4 |
0 |
|z Full text available from Research Library: 04/01/2012 to present
|u https://search.proquest.com/publication/1436345
|